000 01727nam a22004457a 4500
001 000096333
003 CHAP
005 20220329143151.0
008 060926d2006 mx r 00110 spa d
010 _a92799
011 _a93771
035 _a104352
040 _cCHAP
090 _aTesis
100 1 _aGonzález Paredes, María de la Paz Alejandra.
_949265
245 1 0 _aEstudio etnobotánico de Calophyllum brasiliense cambess (Guttiferae), anatomía de fruto, fitoquímica y evaluación de la actividad antiviral de hojas y frutos /
_c/por González Paredes, María de la Paz Alejandra.
260 _aChapingo, Méx. :
_bEl autor,
_c2006.
300 _a129 h. :
_bilus.; gráfs.; cuadros, mapas.
502 _aTesis (M.C. en Horticultura) - - UACH. Departamento de Fitotecnia
590 _aALEPH
_b10
_c20130110
_lUCH01
_h1514
590 _aBATCH-UPD
_b10
_c20130110
_lUCH01
_h0402
590 _aBATCH-UPD
_b10
_c20130410
_lUCH01
_h0035
590 _aBATCH-UPD
_b10
_c20130914
_lUCH01
_h0742
590 _aBATCH-UPD
_b10
_c20140324
_lUCH01
_h1459
590 _aBATCH-UPD
_b10
_c20141002
_lUCH01
_h0831
590 _aCONVERSION
_b10
_c20130109
_lUCH01
_h1351
590 _aE11695DGD
_b10
_c20130529
_lUCH01
_h1420
650 1 4 _aBotánica médica.
_914680
650 1 4 _aEtnobotánica
_xMéxico.
_938628
650 1 4 _aGutiferae.
_951600
650 1 4 _aPlantas
_xAnálisis químico.
_988792
650 1 4 _aSIDA (Enfermedad)
_9105806
856 _3Finding aid
_uhttp://10.13.5.2/tesis/104352.pdf
_zTeclea aquí
901 _aBK
905 _aElisama A. H.
942 _cCD
942 _n0
949 _aTesis
_bBC
_cTES
_d00000000104652
_eTS1
_h45690
_i104352
_sb
949 _aTesis
_bBC
_cTES
_d33724000989521
_eTS2
_fc.2
_h45691
_i104352
_sb
999 _c92799
_d92799